A brilliant madness : (Record no. 389)

MARC details
000 -LEADER
fixed length control field 00810nam a2200265Ia 4500
003 - CONTROL NUMBER IDENTIFIER
control field data
005 - DATE AND TIME OF LATEST TRANSACTION
control field 20260322212018.0
008 - FIXED-LENGTH DATA ELEMENTS--GENERAL INFORMATION
fixed length control field data
010 ## - LIBRARY OF CONGRESS CONTROL NUMBER
Canceled/invalid LC control number 92005878
020 ## - INTERNATIONAL STANDARD BOOK NUMBER
International Standard Book Number 0553560727 :
020 ## - INTERNATIONAL STANDARD BOOK NUMBER
International Standard Book Number 9780553560725 :
040 ## - CATALOGING SOURCE
Original cataloging agency MLN
Transcribing agency MLN
Modifying agency RGC
050 00 - LIBRARY OF CONGRESS CALL NUMBER
Classification number RC516
Item number .D85 1993
092 ## - LOCALLY ASSIGNED DEWEY CALL NUMBER (OCLC)
Classification number 616.89 D85 1992
001 - CONTROL NUMBER
control field data
100 1# - MAIN ENTRY--PERSONAL NAME
Personal name Duke, Patty,
Dates associated with a name 1946-
245 12 - TITLE STATEMENT
Title A brilliant madness :
Remainder of title living with manic-depressive illness /
Statement of responsibility, etc. Patty Duke & Gloria Hochman.
250 ## - EDITION STATEMENT
Edition statement Bantam paperback ed.
260 ## - PUBLICATION, DISTRIBUTION, ETC.
Place of publication, distribution, etc. New York :
Name of publisher, distributor, etc. Bantam Books,
Date of publication, distribution, etc. 1993, c1992.
300 ## - PHYSICAL DESCRIPTION
Extent xxviii, 338 p. ;
Dimensions 18 cm.
504 ## - BIBLIOGRAPHY, ETC. NOTE
Bibliography, etc. note Includes bibliographical references (p. 310-328) and index.
600 10 - SUBJECT ADDED ENTRY--PERSONAL NAME
Personal name Duke, Patty,
Dates associated with a name 1946-
General subdivision Mental health.
650 #0 - SUBJECT ADDED ENTRY--TOPICAL TERM
Topical term or geographic name entry element Manic-depressive psychoses
General subdivision Popular works.
700 1# - ADDED ENTRY--PERSONAL NAME
Personal name Hochman, Gloria.
Holdings
Withdrawn status Lost status Damaged status Not for loan Home library Current library Shelving location Date acquired Total checkouts Full call number Barcode Date last seen Price effective from Koha item type
        Franklin Franklin General stacks 22/03/2026   RC516 .D85 1993 BC0010399 22/03/2026 22/03/2026 Books